000 00762nam a22002177a 4500
999 _c64559
_d64559
005 20240530110738.0
008 180906s1998 ua g 000 0 ara d
017 _a98/4805
_bمصر. دار الكتب
020 _a977080732X
040 _aEG-CaGPL
_cEG-CaGPL
082 0 4 _221
_a212.5 /
_bم م
100 0 _aمحمد متولى الشعراوى
245 1 2 _aالمرأة فى القران الكريم /
_cمحمد متولى الشعراوى
260 _aالقاهرة :
_bاخبار اليوم : قطاع الثقافة،
_c1998.
300 _a134 ص. ؛
_c19 سم.
650 0 7 _2qrmak
_aالمرأة فى الاسلام
650 0 7 _2qrmak
_aحقوق المرأة
651 _2qrmak
942 _2ddc
_cBK